000 004950000a22001210004500
090 _aAS
_bSeriadas
245 1 0 _aNuevas especie y variedad de Pentacalia subgen. Microchaete (<Asteraceae, Senecioneae>) de la Sierra Nevada de Santa Marta, Colombia
041 0 _aEspañol
700 1 _aBueno, Martha Lucía
_999108
100 1 _aDíaz Piedrahita, Santiago
_995842
942 _cARTICULO
773 1 _tRevista de la Academia Colombiana de Ciencias Exactas, Fisicas y Naturales
_332
_h80
_q201-204
_d1997
_g21
999 _c14098
_d14098